Największe miasta,wsie w województwie lubelskim A-Z - Statystyki

Ogólne statystyki
  • Ten quiz został rozwiązany 33 razy
  • Średni wynik to 17 z 26
Statystyki odpowiedzi
# Miasto Populacja % Poprawnych
L Lublin 331 991
100%
Ł Łuków 27 569
94%
B Biała Podlaska 54 926
90%
C Chełm 58 357
90%
H Hrubieszów 16 390
90%
P Puławy 44 504
90%
K Kraśnik 31 950
87%
Z Zamość 59 274
87%
J Janów Lubelski 11 111
81%
Ś Świdnik 37 129
81%
W Włodawa 12 323
81%
O Opole Lubelskie 8 041
77%
F Frampol 1 341
74%
T Tomaszów Lubelski 18 165
71%
A Annopol 2 335
68%
R Radzyń Podlaski 14 571
68%
D Dęblin 14 385
65%
M Międzyrzec Podlaski 15 611
61%
N Nałęczów 3 643
58%
G Goraj 881
55%
U Urzędów 1 696
55%
S Szczebrzeszyn 4 810
42%
I Izbica 1 731
32%
Ć (wieś) Ćmiłów 1 316
16%
E (wieś) Elizówka 1 204
13%
Ż (wieś) Żyrzyn 1 525
10%
Nie znaleziono quizów pasujących do podanych kryteriów
Rozkład punktacji
Procent ludzi z każdym wynikiem
Percentyl według liczby udzielonych odpowiedzi
Twoja historia wyników
Nie rozwiązałeś tego quizu